Introduction to partial differential equations and Hilbert space methods /
Guardado en:
| Autor Principal: | |
|---|---|
| Formato: | Libro |
| Idioma: | English |
| Publicado: |
New York :
Wiley,
c1987.
|
| Edición: | 2nd ed. |
| Materias: | |
| Etiquetas: |
Agregar Etiqueta
Sin Etiquetas, Sea el primero en etiquetar este registro!
|
| LEADER | 00871pam a2200253 a 4500 | ||
|---|---|---|---|
| 001 | MAT.inmabb003740 | ||
| 008 | 860926s1987####nyua#####b####001#0#eng## | ||
| 005 | 20130315120624.0 | ||
| 245 | 1 | 0 | |a Introduction to partial differential equations and Hilbert space methods / |c Karl E. Gustafson. |
| 250 | |a 2nd ed. | ||
| 260 | |a New York : |b Wiley, |c c1987. | ||
| 300 | |a xix, 409 p. : |b il. ; |c 25 cm. | ||
| 504 | |a Incluye referencias bibliográficas e índices. | ||
| 510 | 4 | |a MR, |c 88b:35001 | |
| 020 | |a 0471832278 | ||
| 100 | 1 | |a Gustafson, Karl E. | |
| 246 | 3 | 0 | |a Partial differential equations and Hilbert space methods. |
| 650 | 0 | |a Differential equations, Partial. | |
| 650 | 0 | |a Hilbert space. | |
| 084 | |a 35-01 (46-01) |2 MR | ||
| 010 | |a 86026630 | ||
| 040 | |a DLC |c DLC |d DLC | ||
| 859 | |h 35 |i G982 |p A-5910 |b BIB. MATEMATICA | ||
| 859 | |h 35 |i G982 |p A-6329 |t Ej. 2 |b BIB. MATEMATICA | ||
